Bài tập lập trình ngôn ngữ Pascal

Gardado en:
Detalles Bibliográficos
Autor Principal: Nguyễn Hữu Ngự
Formato: Libro
Idioma:Undetermined
Publicado: H. ĐHQG 2003
Những chủ đề:
Các nhãn: Engadir etiqueta
Sen Etiquetas, Sexa o primeiro en etiquetar este rexistro!
Thư viện lưu trữ: Trung tâm Học liệu Trường Đại học Cần Thơ
LEADER 00521nam a2200181Ia 4500
001 CTU_55570
008 210402s9999 xx 000 0 und d
020 |b 19600 
082 |a 005.133 
082 |b Ng550 
100 |a Nguyễn Hữu Ngự 
245 0 |a Bài tập lập trình ngôn ngữ Pascal 
245 0 |c Nguyễn Hữu Ngự 
260 |a H. 
260 |b ĐHQG 
260 |c 2003 
650 |a pascal ( computer program language ) 
980 |a Trung tâm Học liệu Trường Đại học Cần Thơ